000 004990000a22001810004500
003 MACL
005 20150916105733.0
008 150916b xxu||||| |||| 00| 0 eng d
040 _aMACL
_cMACL
041 _aEnglish
082 _a823/SIN
100 _aSingh, Er Gurcharan
_911412
245 _aHumbled Pride
_bStory of a Dalit Girls Struggle for a Classless Society
260 _bArun Publishing House
_c2008
_aChandigarh
350 _a495
650 _aStories
_911413
942 _cBK
_k823/SIN
_2ddc
999 _c42116
_d42116